000 01881cam a2200145 4500500
005 20251214002554.0
041 _afre
042 _adc
100 1 0 _aBloom, Allan
_eauthor
700 1 0 _aJaffa, Harry V.
_eauthor
245 0 0 _aLa pensée politique de Shakespeare
260 _bArmand Colin,
_c2021.
520 _aIl semble clair que Shakespeare a véritablement et consciemment conçu ses oeuvres comme les vecteurs de sa sagesse politique — ses pièces historiques en fournissent la preuve. Shakespeare a cherché à y développer un point de vue raisonnable sur la nature du régime anglais et sur la façon dont il devait être accepté et révéré par les générations ultérieures d’Anglais. Il a réussi dans son entreprise, car les Anglais, à bien des égards, comprennent véritablement leur histoire de la façon dont il l’a dépeinte. Sur ce point, son dessein était clairement politique. C’est en se référant d’abord aux préoccupations de la société civile qu’il a compris ce qui pouvait éblouir et passionner son public. Est-il vraisemblable que ce ne fût là rien de plus qu’une série d’histoires bonnes pour le théâtre ? Peut-on raisonnablement prétendre que Shakespeare s’est jeté précipitamment dans la composition de pièces historiques parce qu’il avait besoin d’argent, ou encore qu’il ignorait les faits les plus importants de l’histoire anglaise parce qu’il n’avait jamais fait d’études ? Ce serait comme dire que Jefferson, sans s’intéresser vraiment aux principes politiques, a écrit la Déclaration d’indépendance parce qu’il voulait être célèbre, et que le succès de cette déclaration tient au fait qu’elle fournit un excellent discours de 4 juillet…
856 4 1 _uhttps://shs.cairn.info/la-pensee-politique-de-shakespeare--9782200629526?lang=fr&redirect-ssocas=7080
999 _c1567139
_d1567139